Príprava a vlastnosti fluórovaných chinolónov a ich prekurzorov

Gespeichert in:
Bibliographische Detailangaben
1. Verfasser: Škodová, Miroslava
Format: Software Buch
Sprache:Slowakisch
Veröffentlicht: Bratislava STU FCHPT 2007
Online-Zugang:Im OPAC anzeigen
Tags: Tag hinzufügen
Keine Tags, Fügen Sie das erste Tag hinzu!

MARC

LEADER 00000nam a2200000 a 4500
005 20260127134027.0
007 co ugu
008 060607 2006 xo 000 0 slo d
035 |a vtls009084174 
039 9 |y 200708010958  |z mschk03 
040 |a STUSCHK1  |b slo  |c STUSCHK1  |e AACR2 
100 1 |a Škodová, Miroslava 
245 1 |a Príprava a vlastnosti fluórovaných chinolónov a ich prekurzorov  |c Miroslava Škodová 
260 |a Bratislava  |b STU FCHPT  |c 2007 
500 |a Obháj.: 4.6. 2007 
500 |a Špec.: Organická chémia 
500 |a Ústav organickej chémie, katalýzy a petrochémie 
500 |a Diplomová práca na CD-ROMe 
910 |a SCHK95 
999 |c 2369  |d 2369